Land and tax planning

Bibliographic Details
Main Author: Soares, Patrick C.
Format: Book
Published: London : Oyez Longman , 1982
Series:(Practical tax series)
Subjects:

MARC

LEADER 00000cam a2200000 7i4500
001 0000001660
005 20050627.0
020 |a 0851206077 
040 |a INS 
090 0 0 |a KD370   |b S676 1982 
100 1 |a Soares, Patrick C. 
245 1 0 |a Land and tax planning   |c Patricks C. Soares 
260 |a London :   |b Oyez Longman ,   |c 1982 
300 |a xxxiiip :   |b 302p ;   |c 21cm. 
440 0 |a (Practical tax series) 
500 |a Includes index 
650 0 0 |a Tax planning 
999 |a 0000001237   |b BOOK   |c Open Shelf   |e Default branch